[Event "GER-chT U12 Girls"]
[Site "Magdeburg"]
[Date "2023.12.27"]
[Round "2.8"]
[White "He, Siqi"]
[Black "Goy, Isabella"]
[Result "0-1"]
[WhiteElo "812"]
[BlackElo "880"]
[PlyCount "96"]
[EventDate "2023.12.26"]
[EventType "team-swiss"]
[EventRounds "7"]
[EventCountry "GER"]
[SourceTitle "CB03_2024"]
[SourceDate "2024.01.17"]
[SourceVersion "1"]
[SourceVersionDate "2024.01.17"]
[SourceQuality "1"]
[WhiteTeam "Blankenese"]
[BlackTeam "Dresden TU"]
[WhiteTeamCountry "GER"]
[BlackTeamCountry "GER"]

1. e4 e5 2. Nf3 Nc6 3. Bc4 Nf6 4. d3 Bb4+ 5. Nc3 Bxc3+ 6. bxc3 Na5 7. Bb3 Nxb3 8. cxb3 d6 9. h3 h6 10. 0-0 0-0 11. d4 Nxe4 12. dxe5 dxe5 13. Nxe5 Qxd1 14. Rxd1 Re8 15. Nd3 Rd8 16. Bf4 Nxc3 17. Bxc7 Rd7 18. Rac1 Nxd1 19. Rxd1 Rxc7 20. Ne5 Re7 21. Re1 f6 22. Nf3 Rxe1+ 23. Nxe1 Bf5 24. g4 Bb1 25. a4 Re8 26. Nf3 Bc2 27. Nd4 Re1+ 28. Kg2 Be4+ 29. Kg3 Rd1 30. Nf5 Bxf5 31. gxf5 Rg1+ 32. Kh2 Rg5 33. h4 Rxf5 34. Kg3 a5 35. f4 Rd5 36. Kg4 Rd3 37. h5 Kf7 38. f5 Rxb3 39. Kh4 b5 40. axb5 Rxb5 41. Kg4 Rb4+ 42. Kg3 a4 43. Kf3 a3 44. Kg3 a2 45. Kf3 a1Q 46. Ke3 Qa3+ 47. Kd2 Rb2+ 48. Kd1 Qa1# 0-1